00474 2200169 4500001002100000008004100021035002000062245009700082250001000179260003100189300001500220020001800235084001600253082001000269650001300279990001200292INLIS000000000000725 ind  a0010-0722000274 aRahasia Meraih Husnul KhatimahbMenyambut kehidupan akhirat dengan muliacAbdullah at-Talidi acet:1 aYogyakarta:bSafirahc2013 a156c19 cm a9786022551584 a128.5 ABD r a128.5 aMotivasi aDI.1389